01120 a2200205 4500003000500000005001700005010001600022020001500038040000900053082001300062100002400075245007900099260005100178300003200229505053300261538003000794650002500824650003400849700003100883Nust20170207153540.0 a 74017280 a0132146355 cNust00a621.38221 aOppenheim, Alan V.,10aDigital signal processingc[by] Alan V. Oppenheim [and] Ronald W. Schafer. aEnglewood Cliffs, N.J.,bPrentice-Hallc[1975] axiv, 585 p.billus.c24 cm. a Introduction (Page-1) Discrete Time Signals and Systems (Page-6) The Z transforms (Page-45) The Discrete Fourier Transform (Page-87) Flow Graph and Matrix Representation of Digital Filters (Page-136) Digital Filter Design Techniques (Page-195) Computation of the Discrete Fourier Transform (Page-284) Discrete Hilbert Transforms (Page-337) Discrete Random Signals (Page-337) Effects of Finite Register Length in Digital Signal Processing (Page-404) Homomorphism Signal Processing (Page-480) Power Spectrum Estimation (Page-532) aAlmirah No.37, Shelf No.4 0aDigital electronics. 0aTelecommunication Engineering1 aSchafer, Ronald W.,d1938-